| 000 | 00670nam a22002177a 4500 | ||
|---|---|---|---|
| 003 | OSt | ||
| 005 | 20260423064417.0 | ||
| 008 | 260423b |||||||| |||| 00| 0 eng d | ||
| 020 | _a0-07-136973-2 | ||
| 040 |
_aDWC-Main lib. _cOC |
||
| 082 | _aCirc. 516 R37g 2001 | ||
| 100 | _aSchmidt, Philip A. | ||
| 245 |
_aSchaum's easy outlines : _bGeometry : based on Schaum's Outline of Geometry/ _cPhilip A. Schmidt |
||
| 260 |
_aNew York : _bMcGraw-Hill, _cc2001. |
||
| 300 |
_av, 138 p. : . _c21 cm |
||
| 490 | _aSchaum's outline series. | ||
| 504 | _aInclude index. | ||
| 700 | _aHademenos, George J. | ||
| 700 | _aBarnett, Rich | ||
| 942 |
_2ddc _cBK-CIRC _hCirc. _n0 |
||
| 999 |
_c9802 _d9802 |
||